największe miasta na węgrzech - Statystyki

Ogólne statystyki
  • Ten quiz został rozwiązany 33 razy
  • Średni wynik to 4 z 8
Statystyki odpowiedzi
ludność miasta % Poprawnych
1,750,216 Budapeszt
100%
201,112 Debreczyn
75%
133,946 Gyor
50%
160,258 Segedyn
43%
152,901 Miszkolc
39%
141,843 Pecz
32%
110,373 Kecskemet
11%
116,814 Nyiregyhaza
0%
Nie znaleziono quizów pasujących do podanych kryteriów
Rozkład punktacji
Procent ludzi z każdym wynikiem
Percentyl według liczby udzielonych odpowiedzi
Twoja historia wyników
Nie rozwiązałeś tego quizu